Statistics for Taylor Swift - Is It Over Now? Lyrics

Click here to take the quiz!

General Stats

  • This quiz has been taken 280 times
    (204 since last reset)
  • The average score is 342 of 411

Answer Stats

Answer% Correct
the
98%
a
97%
on
95%
had
94%
I
93%
and
89%
And
89%
for
89%
(Is
89%
is
89%
Is
89%
it
89%
it?
89%
it?)
89%
my
89%
no
89%
of
89%
when
89%
you?
89%
you
89%
You
89%
(Oh)
88%
(Oh
88%
Oh
88%
Oh)
88%
over
88%
to
88%
To
88%
hundred
87%
Was
87%
was
87%
be
86%
he
86%
now?
86%
see
86%
she
86%
then?
86%
three
86%
Your
86%
your
86%
At
85%
blouse?
85%
Blue
85%
blue
85%
come
85%
"Come
85%
couch?
85%
did
85%
didn't
85%
(Flashin'
85%
flashin'
85%
flight
85%
flown
85%
her
85%
hips
85%
in
85%
In
85%
later
85%
lights)
85%
lights
85%
out
85%
search
85%
somethin'
85%
bed
84%
before
84%
called
84%
date
84%
down
84%
ear
84%
every
84%
here"
84%
jumpin'
84%
least
84%
whispered
84%
about
83%
baby
83%
but
83%
But
83%
dream
83%
go
83%
greater
83%
Just
83%
keep
83%
laid
83%
Let's
83%
lying
83%
nights
83%
think
83%
Think
83%
were
83%
When
83%
as
82%
eyes
82%
forward
82%
model's
82%
traitor
82%
coffees
81%
decency
81%
fast
81%
Lord
81%
Lord)
81%
runnin'
81%
(Runnin')
81%
There
81%
there
81%
thighs
81%
unbuttoned
81%
blind
80%
If
80%
mouth
80%
one
80%
rumors
80%
sight
80%
takeout
80%
tall
80%
that
80%
very
80%
I've
79%
Off
79%
Once
79%
passed
79%
she's
79%
somethings
79%
waiters
79%
With
79%
dates
78%
got
78%
sighs
78%
dress
77%
girl
77%
thing
77%
wanting
77%
been
76%
clone
76%
new
76%
Only
76%
probably
76%
will
76%
'bout
75%
say
75%
you'll
74%
maiden's
73%
smile
72%
snow
72%
awkward
71%
boat
71%
Red
71%
white
71%
rose
70%
alone
69%
wouldn't
69%
all
68%
blood
68%
lost
68%
profile
68%
unsuspecting
68%
control
67%
still
67%
surmise
67%
you'd
67%
slept
64%
wilt
63%
(Uh
59%
Uh
59%
hoping
55%
huh)
48%
huh
48%

Score Distribution

Percentile by Number Answered

Percent of People with Each Score

Your Score History

You have not taken this quiz since the last reset